New playwriting strategies : (Record no. 15556)
[ view plain ]
| 000 -LEADER | |
|---|---|
| fixed length control field | 01714cam a2200301 a 4500 |
| 001 - CONTROL NUMBER | |
| control field | 16710790 |
| 005 - DATE AND TIME OF LATEST TRANSACTION | |
| control field | 20170105102920.0 |
| 008 - FIXED-LENGTH DATA ELEMENTS--GENERAL INFORMATION | |
| fixed length control field | 110328s2011 enk b 001 0 eng |
| 010 ## - LIBRARY OF CONGRESS CONTROL NUMBER | |
| LC control number | 2011013344 |
| 020 ## - INTERNATIONAL STANDARD BOOK NUMBER | |
| International Standard Book Number | 9780415491471 (hardback : alk. paper) |
| 020 ## - INTERNATIONAL STANDARD BOOK NUMBER | |
| International Standard Book Number | 9780415491488 (pbk. : alk. paper) |
| 020 ## - INTERNATIONAL STANDARD BOOK NUMBER | |
| International Standard Book Number | 9780203803011 (ebook) |
| 040 ## - CATALOGING SOURCE | |
| Original cataloging agency | DLC |
| Transcribing agency | DLC |
| Modifying agency | DLC |
| 042 ## - AUTHENTICATION CODE | |
| Authentication code | pcc |
| 050 00 - LIBRARY OF CONGRESS CALL NUMBER | |
| Classification number | PN1661 |
| Item number | .C364 2011 |
| 082 00 - DEWEY DECIMAL CLASSIFICATION NUMBER | |
| Classification number | 808.2 |
| Edition number | 22 |
| 100 1# - MAIN ENTRY--PERSONAL NAME | |
| Personal name | Castagno, Paul C., |
| Dates associated with a name | 1950- |
| 245 10 - TITLE STATEMENT | |
| Title | New playwriting strategies : |
| Remainder of title | language and media in the 21st century / |
| Statement of responsibility, etc. | Paul C. Castagno. |
| 250 ## - EDITION STATEMENT | |
| Edition statement | 2nd ed. |
| 260 ## - PUBLICATION, DISTRIBUTION, ETC. | |
| Place of publication, distribution, etc. | London ; |
| -- | New York : |
| Name of publisher, distributor, etc. | Routledge, |
| Date of publication, distribution, etc. | 2011. |
| 300 ## - PHYSICAL DESCRIPTION | |
| Extent | xiv, 258 p. ; |
| Dimensions | 24 cm. |
| 504 ## - BIBLIOGRAPHY, ETC. NOTE | |
| Bibliography, etc. note | Includes bibliographical references (p. [241]-245) and index. |
| 505 0# - FORMATTED CONTENTS NOTE | |
| Formatted contents note | Introduction: beyond the tipping point -- Strategies of language and character. On multivocality and speech genres -- Polyvocality and the ascendancy of the hybrid play -- The theatricality of character -- The transformation of character -- Len Jenkin's dramaturgy of character: from stage figures to archetypes -- Mac Wellman: language-based character -- Crossover poetics: Sarah Ruhl and Suzan Lori-Parks -- Strategies of structure and form. Units and building blocks -- Scenes, acts, and revisions -- Foundations of contemporary monologue -- Dialogic monologue: from structure to antistructure. |
| 650 #0 - SUBJECT ADDED ENTRY--TOPICAL TERM | |
| Topical term or geographic name entry element | Playwriting. |
| 906 ## - LOCAL DATA ELEMENT F, LDF (RLIN) | |
| a | 7 |
| b | cbc |
| c | orignew |
| d | 1 |
| e | ecip |
| f | 20 |
| g | y-gencatlg |
| 942 ## - ADDED ENTRY ELEMENTS (KOHA) | |
| Source of classification or shelving scheme | |
| Koha item type | Book |
| Withdrawn status | Lost status | Damaged status | Not for loan | Collection code | Permanent Location | Current Location | Shelving location | Date acquired | Total Checkouts | Full call number | Barcode | Date last seen | Price effective from | Koha item type |
|---|---|---|---|---|---|---|---|---|---|---|---|---|---|---|
| Central Library (CL) | Central Library (CL) | General Stacks | 09/30/2013 | 808.2 CAS 2012 | CIPS0001397 | 12/04/2013 | 12/04/2013 | Book |
